| Поле | Инд. | ПП | Название | Значение |
|---|---|---|---|---|
| Тип записи | a | |||
| Библиографический уровень | m | |||
| 001 | Контрольный номер | 3e63306b-7e15-4059-acc4-ace2024ab246 | ||
| 005 | Дата корректировки | 20140703122102.3 | ||
| 008 | Кодируемые данные | 030701 | ||
| 020 | a | ISBN | 5-03-003538-9 (русск.) | |
| c | Цена, тираж | 107.00 | ||
| 020 | a | ISBN | 5-03765432-1 (англ.) | |
| 040 | a | Служба первич. каталог. | НБ ТвГУ | |
| 041 | a | Код языка текста | rus | |
| 080 | a | Индекс УДК | 536.7(075.8) | |
| a | Индекс УДК | 541.11(075.8) | ||
| 084 | a | Индекс другой классификации/Индекс ББК | В317.1я731-1 | |
| a | Индекс другой классификации/Индекс ББК | Г531я731-1 | ||
| 090 | x | Авторский знак | П75 | |
| a | Полочн. индекс | В317.1 | ||
| 100 | 1_ | a | Автор | Пригожин Илья |
| 245 | 10 | a | Заглавие | Современная термодинамика |
| b | Продолж. заглавия | От тепловых двигателей до диссипатив. структур : Пер. с англ. | ||
| c | Ответственность | И. Пригожин, Д. Кондепуди | ||
| 260 | 0_ | a | Место издания | Москва |
| b | Издательство | Мир | ||
| c | Дата издания | 2002 | ||
| 300 | a | Объем | 461 с. | |
| b | Иллюстрации/ тип воспроизводства | ил. | ||
| 440 | a | Серия | Лучший зарубеж. учебник | |
| 500 | a | Примечание | Перевод изд.: Modern thermodynamics / Dilip Kondepudi, Ilya Prigogine. | |
| 504 | a | Библиография | Библиогр. в конце глав. | |
| a | Библиография | Предм. имен. указ.: с.451-457. | ||
| 583 | a | Действие | Получение впервые 151 1.07.2003 | |
| k | Исполнитель действия | Дар РГГУ | ||
| 583 | a | Действие | Приписка 432 30.11.2004 | |
| k | Исполнитель действия | ПБОЮЛ Макарова О.В. | ||
| 650 | a | Основная рубрика | Термодинамика | |
| x | Основная подрубрика | Учебники для вузов | ||
| 650 | a | Основная рубрика | Химическая термодинамика | |
| 653 | a | Ключевые слова | Термодинамика | |
| a | Ключевые слова | Химическая термодинамика | ||
| 700 | 1_ | a | Другие авторы | Кондепуди Дилип |
| e | Роль лиц | авт. | ||
| 700 | 1_ | a | Другие авторы | Данилов Ю. А. |
| e | Роль лиц | пер. | ||
| 700 | 1_ | a | Другие авторы | Белый В. В. |
| e | Роль лиц | пер. | ||
| 700 | 1_ | a | Другие авторы | Агеев Е. П. |
| e | Роль лиц | ред. | ||
| 852 | t | Порядковый номер экземпляра | 4 | |
| p | Инвентарный номер | 766925 | ||
| p | Инвентарный номер | 792843 280.00 | ||
| p | Инвентарный номер | 792844 280.00 | ||
| p | Инвентарный номер | 792845 280.00 | ||
| 863 | t | 00021572 | ||
| 863 | t | 00021571 | ||
| 863 | t | 00021570 | ||
| 888 | a | Бесплатные | ||
| a | За счет средств университета | |||
| 930 | a | Новая/Ретро | учебники | |
| 952 | p | 151.2003 107.00 1 766925 | ||
| p | 432.2004 280.00 1 792843 | |||
| p | 432.2004 280.00 1 792844 | |||
| p | 432.2004 280.00 1 792845 | |||
| c | Вид литературы | К ру | ||
| 954 | a | Дата поступления на обработку | 20030814 | |
| 999 | a | Подразделение 2 | Фил3 |